[Event "Nouadhibou Independence op"]
[Site "Nouadhibou"]
[Date "2014.11.29"]
[Round "5"]
[White "Med, Salem Ghaylani"]
[Black "Taleb, Ahd Jidou Khlifa"]
[Result "0-1"]
[WhiteElo "1556"]
[BlackElo "1675"]
[PlyCount "76"]
[EventDate "2014.11.27"]
[EventType "swiss"]
[EventRounds "9"]
[EventCountry "MAU"]
[SourceTitle "CBM 163 Extra"]
[Source "ChessBase"]
[SourceDate "2014.12.23"]
[SourceVersion "1"]
[SourceVersionDate "2014.12.23"]
[SourceQuality "1"]

1. e4 e5 2. Nf3 Nf6 3. Bc4 Bc5 4. d3 d6 5. Nc3 0-0 6. 0-0 Be6 7. Bxe6 fxe6 8. Na4 Bb6 9. Nxb6 axb6 10. h3 h6 11. Be3 Nc6 12. a4 d5 13. exd5 exd5 14. Re1 Qd6 15. b3 d4 16. Bc1 b5 17. Bb2 b4 18. Nd2 Qe6 19. Qe2 Nd5 20. Qg4 Qf7 21. Ne4 Nce7 22. Kh1 Ra5 23. Bc1 Ra6 24. Bd2 Rc6 25. Rac1 b6 26. Qg3 Qh5 27. Qg4 Qe8 28. Qg3 Nf5 29. Qh2 Rg6 30. Ra1 Nh4 31. Rg1 Rf5 32. a5 bxa5 33. Rxa5 Qc6 34. Rc5 Qe6 35. Rc4 Rh5 36. Nc5 Qf7 37. Ne4 Nf3 38. gxf3 Qxf3+ 0-1

[Event "Nouadhibou Independence op"]
[Site "Nouadhibou"]
[Date "2014.11.28"]
[Round "4"]
[White "Taleb, Ahd Jidou Khlifa"]
[Black "Baba, Saad Bouh"]
[Result "1-0"]
[WhiteElo "1675"]
[BlackElo "1400"]
[PlyCount "63"]
[EventDate "2014.11.27"]
[EventType "swiss"]
[EventRounds "9"]
[EventCountry "MAU"]
[SourceTitle "CBM 163 Extra"]
[Source "ChessBase"]
[SourceDate "2014.12.23"]
[SourceVersion "1"]
[SourceVersionDate "2014.12.23"]
[SourceQuality "1"]

1. e4 d6 2. Nf3 Nf6 3. Nc3 g6 4. Bc4 Bg7 5. 0-0 0-0 6. d3 b6 7. Rb1 c5 8. Nd5 Bb7 9. Bg5 Nxd5 10. Bxd5 Bxd5 11. exd5 Nd7 12. Re1 Nf6 13. c4 b5 14. b3 Rb8 15. Qe2 Rb7 16. h3 a6 17. Qe3 Re8 18. Re2 Rd7 19. Rbe1 Bf8 20. Bxf6 exf6 21. Qxe8 Qxe8 22. Rxe8 Kg7 23. Ra8 Be7 24. Rxa6 bxc4 25. dxc4 Bd8 26. Re8 Bc7 27. Raa8 Kh6 28. a4 Bb6 29. a5 Ba7 30. Red8 Rxd8 31. Rxd8 g5 32. Ra8 1-0